Tratado moderno de construcción de edificios / (Record no. 139793)

MARC details
000 -LEADER
campo de control de longitud fija 00649nam a2200181 4500
001 - NÚMERO DE CONTROL
campo de control 139793
003 - IDENTIFICADOR DE NÚMERO DE CONTROL
campo de control ES-MaACL
005 - FECHA Y HORA DE LA ÚLTIMA TRANSACCIÓN
campo de control 20230906195916.0
007 - CAMPO FIJO DE DESCRIPCIÓN FÍSICA--INFORMACIÓN GENERAL
campo de control de longitud fija t|
008 - DATOS DE LONGITUD FIJA--INFORMACIÓN GENERAL
campo de control de longitud fija 070214s1948 sp r ||||1| spa d
100 1# - ENTRADA PRINCIPAL--NOMBRE DE PERSONA
Nombre de persona Schindler, Robert.
9 (RLIN) 104376
245 10 - MENCIÓN DEL TÍTULO
Título Tratado moderno de construcción de edificios /
Mención de responsabilidad, etc. por el Ing. Robert Schindler ; versión del alemán y adiciones por el Dr. Buenaventura Bassegoda.
250 ## - MENCION DE EDICION
Mención de edición Reimp. de la 1ª ed. española.
260 ## - PUBLICACIÓN, DISTRIBUCIÓN, ETC.
Lugar de publicación, distribución, etc. Barcelona :
Nombre del editor, distribuidor, etc. José Montesó,
Fecha de publicación, distribución, etc. 1948.
300 ## - DESCRIPCIÓN FÍSICA
Extensión XVI, 754 :
Otras características físicas il. ;
Dimensiones 23 cm.
700 1# - ENTRADA AGREGADA--NOMBRE PERSONAL
Nombre de persona Bassegoda Musté, B. (
Fechas asociadas al nombre 1896-1987)
9 (RLIN) 26310
852 ## - LOCALIZACIÓN
Ubicación ES-MaACL
Número de control de estantería D-5923
Sublocalización o colección R.30620
Holdings
Estatus retirado Estado de pérdida Estado de daño No para préstamo Biblioteca de origen Biblioteca actual Ubicación en estantería Fecha de adquisición Fuente de adquisición Total de préstamos Signatura topográfica completa Código de barras Visto por última vez Precio de reemplazo Tipo de ítem Koha
        Biblioteca del Ateneo de Madrid Biblioteca del Ateneo de Madrid Sala Valle Inclán 17/01/2008     D-5923 901145474 23/02/2023 23/02/2023 Libro impreso